| 000 | 00771cab a2200241 4500 | ||
|---|---|---|---|
| 001 | WB2844-60 | ||
| 008 | 090401t1992 xxu||||| |||| 00| 0 eng d | ||
| 035 | _a(Sirsi) u59771 | ||
| 041 | _aeng | ||
| 245 | _aCity Challenge review | ||
| 260 | _c1992 | ||
| 350 | _a0 | ||
| 490 |
_aGuardian _v9 November 1992, 14(1) |
||
| 520 | _aA review of City Challenge to be submitted to Government urges changes in the organisation of the programme to ensure local communities can take part successfully. | ||
| 650 | _aCITY CHALLENGE | ||
| 650 | _aFUNDING | ||
| 650 | _aINNER CITIES | ||
| 650 | _aMOSS SIDE AND HULME COMMUNITY DEVELOPMENT TRUST | ||
| 650 | _aNATIONAL COUNCIL FOR VOLUNTARY ORGANISATIONS | ||
| 690 | _aURBAN RENEWAL | ||
| 942 | _n0 | ||
| 948 | _c04/03/1997 | ||
| 999 |
_c36739 _d36739 |
||